LEADER 03219nam 2200661Ia 450 001 9910458023403321 005 20220221133936.0 010 $a1-280-08014-0 010 $a9786613520227 010 $a0-520-91751-0 024 7 $a10.1525/9780520917514 035 $a(CKB)1000000000396360 035 $a(EBL)858755 035 $a(OCoLC)776108216 035 $a(SSID)ssj0000084070 035 $a(PQKBManifestationID)11116202 035 $a(PQKBTitleCode)TC0000084070 035 $a(PQKBWorkID)10169134 035 $a(PQKB)10794957 035 $a(MiAaPQ)EBC858755 035 $a(DE-B1597)519523 035 $a(OCoLC)64769351 035 $a(DE-B1597)9780520917514 035 $a(Au-PeEL)EBL858755 035 $a(CaPaEBR)ebr10533544 035 $a(CaONFJC)MIL352022 035 $a(EXLCZ)991000000000396360 100 $a19950810e19961973 uy 0 101 0 $aeng 135 $aur||#|||||||| 181 $ctxt 182 $cc 183 $acr 200 14$aThe dialectical imagination $b[electronic resource]$ea history of the Frankfurt School and the Institute of Social Research, 1923-1950 /$fMartin Jay 210 $aBerkeley $cUniversity of California Press$d1996, 1973 215 $a1 online resource (382 p.) 225 1 $aWeimar and now ;$v10 300 $aDescription based upon print version of record. 311 0 $a0-316-46049-4 311 0 $a0-520-20423-9 320 $aIncludes bibliographical references and index. 327 $tFront matter --$tContents --$tPreface to the 1996 Edition --$tForeword --$tIntroduction --$tAcknowledgments --$tTHE DIALECTICAL IMAGINATION --$tI. The Creation of the Institut fur Sozialforschung and Its First Frankfurt Years --$tII. The Genesis of Critical Theory --$tIII. The Integration of Psychoanalysis --$tIV. The Institut's First Studies of Authority --$tV. The Institutes Analysis of Nazism --$tIV. Aesthetic Theory and the Critique of Mass Culture --$tVII. The Empirical Work of the Institut in the 1940's --$tVIII. Toward a Philosophy of History: The Critique of the Enlightenment --$tEpilogue --$tChapter References --$tBibliography --$tIndex 330 $aHerbert Marcuse, Erich Fromm, Max Horkheimer, Franz Neumann, Theodor Adorno, Leo Lowenthal-the impact of the Frankfurt School on the sociological, political, and cultural thought of the twentieth century has been profound. The Dialectical Imagination is a major history of this monumental cultural and intellectual enterprise during its early years in Germany and in the United States. Martin Jay has provided a substantial new preface for this edition, in which he reflects on the continuing relevance of the work of the Frankfurt School. 410 0$aWeimar and now ;$v10. 606 $aSocial sciences$xResearch$zUnited States 606 $aFrankfurt school of sociology 608 $aElectronic books. 615 0$aSocial sciences$xResearch 615 0$aFrankfurt school of sociology. 676 $a300/.720434164 700 $aJay$b Martin$f1944-$0142604 801 0$bMiAaPQ 801 1$bMiAaPQ 801 2$bMiAaPQ 906 $aBOOK 912 $a9910458023403321 996 $aThe dialectical imagination$92409928 997 $aUNINA LEADER 00939nam a22002291i 4500 001 991000804499707536 005 20030122130643.0 008 021030s1836 it |||||||||||||||||ita 035 $ab12057587-39ule_inst 035 $aARCHE-014738$9ExL 040 $aDip.to Filologia Ling. e Lett.$bita$cA.t.i. Arché s.c.r.l. Pandora Sicilia s.r.l. 100 1 $aRegaldi, Giuseppe$0191138 245 13$aLa caduta dell'Aniene :$bcanto improvvisato nella pubblica Accademia data in Tivoli la sera del 23 agosto 1836 /$cGiueppe Regaldi 260 $a[S.l. :$bs.n.,$c1836?] 300 $a9 p. ;$c20 cm 650 4$aCanzoni patriottiche 907 $a.b12057587$b02-04-14$c01-04-03 912 $a991000804499707536 945 $aLE008 TS VI A 42 (RARI)$g1$iLE008ILLI-23210$lle008$o-$pE0.00$q-$rn$so $t0$u0$v0$w0$x0$y.i1235286x$z01-04-03 996 $aCaduta dell'Aniene$9143463 997 $aUNISALENTO 998 $ale008$b01-04-03$cm$da $e-$fita$git $h3$i1